000 00979cam a22002415a 4500
001 L151778
008 101210e20101204xxk 000 0 eng d
035 _a(Sirsi) u151778
041 0 _aeng
100 1 _aBonye, Matthew
245 0 0 _aMeat on the statutory bones
260 _c2010
490 _aEstates Gazette
_v(1048) 4 December 2010, 78-79(2)
520 _aProtection for landlords of sublet premises. Granting licenses to underlet establishes direct privity of contract between landlord and tenant. Examines position of landlord and subtenant under the Landlord and Tenant Act 1954 with reference to case law. Refers to scenarios of continuing liability.
590 _aKA
650 2 4 _aLANDLORD AND TENANT ACT 1954
650 2 4 _aLANDLORD AND TENANT ACT 1988
650 2 4 _aLANDLORD AND TENANT ACT 1927
650 2 4 _aLAW OF DISTRESS AMENDMENT ACT 1908
651 4 _aUnited Kingdom
_y
690 _aPROPERTY-COMMERCIAL PROPERTY-LANDLORD AND TENANT
942 _n0
999 _c82852
_d82852